[Event "Le Blanc et Noir Gp-A op"]
[Site "St Jean sur Richelieu"]
[Date "2020.01.18"]
[Round "2"]
[White "Hebert, Jean"]
[Black "Richard, Leo"]
[Result "1-0"]
[WhiteElo "2341"]
[BlackElo "1771"]
[PlyCount "59"]
[EventDate "2020.01.17"]
[EventType "swiss"]
[EventRounds "5"]
[EventCountry "CAN"]
[SourceTitle "CBM 194 Extra"]
[Source "ChessBase"]
[SourceDate "2020.03.31"]
[SourceVersion "1"]
[SourceVersionDate "2020.03.31"]
[SourceQuality "1"]

1. Nf3 Nf6 2. c4 g6 3. Nc3 d5 4. d4 Bg7 5. cxd5 Nxd5 6. Bd2 c5 7. e4 Nxc3 8. Bxc3 0-0 9. d5 Bxc3+ 10. bxc3 Qa5 11. Qd2 b5 12. Be2 Rd8 13. 0-0 a6 14. a4 b4 15. cxb4 cxb4 16. Rfb1 e6 17. Qh6 Nd7 18. Nd4 Qc5 19. Nc6 Re8 20. Nxb4 exd5 21. Nxd5 Rxe4 22. Ne3 Ne5 23. Rc1 Qe7 24. Nd5 Qd8 25. Nc3 Ng4 26. Bxg4 Rxg4 27. Rd1 Bd7 28. Qe3 Qe8 29. Nd5 Qd8 30. Qe5 1-0

[Event "Quebec op"]
[Site "Longueuil"]
[Date "2019.07.21"]
[Round "2"]
[White "Richard, Leo"]
[Black "Zhong, Kevin"]
[Result "1/2-1/2"]
[WhiteElo "1813"]
[BlackElo "2039"]
[PlyCount "73"]
[EventDate "2019.07.20"]
[EventType "swiss"]
[EventRounds "9"]
[EventCountry "CAN"]
[SourceTitle "CBM 191 Extra"]
[Source "ChessBase"]
[SourceDate "2019.09.30"]
[SourceVersion "1"]
[SourceVersionDate "2019.09.30"]
[SourceQuality "1"]

1. d4 d5 2. c4 e6 3. Nc3 Nf6 4. Nf3 Be7 5. Bf4 0-0 6. e3 c5 7. dxc5 Bxc5 8. Be2 Nc6 9. 0-0 a6 10. h3 dxc4 11. Bxc4 b5 12. Be2 h6 13. Ne5 Bb7 14. Bf3 Qb6 15. Rc1 Rfd8 16. Qe2 Nxe5 17. Bxe5 Bxf3 18. Qxf3 Nd7 19. Bg3 Bd6 20. Ne4 Bxg3 21. Qxg3 f5 22. Nd2 Nc5 23. Nf3 Ne4 24. Qg6 Nd2 25. Nxd2 Rxd2 26. Rfd1 Rd6 27. Rxd6 Qxd6 28. e4 f4 29. e5 Qxe5 30. Rc6 Qe1+ 31. Kh2 Qxf2 32. Qxe6+ Kh8 33. Rc8+ Rxc8 34. Qxc8+ Kh7 35. Qf5+ Kg8 36. Qc8+ Kh7 37. Qf5+ 1/2-1/2

[Event "Quebec-ch"]
[Site "Montreal"]
[Date "2019.03.22"]
[Round "1.2"]
[White "Richard, Leo"]
[Black "Sambuev, Bator"]
[Result "0-1"]
[WhiteElo "1780"]
[BlackElo "2489"]
[PlyCount "93"]
[EventDate "2019.01.21"]
[EventType "k.o."]
[EventRounds "4"]
[EventCountry "CAN"]
[SourceTitle "CBM 189 Extra"]
[Source "ChessBase"]
[SourceDate "2019.06.03"]
[SourceVersion "1"]
[SourceVersionDate "2019.06.03"]
[SourceQuality "1"]

1. e4 c5 2. Nf3 d6 3. d4 cxd4 4. Qxd4 Nc6 5. Bb5 Bd7 6. Bxc6 Bxc6 7. Nc3 Nf6 8. Bg5 e6 9. 0-0-0 Be7 10. Rhe1 h6 11. Bh4 Qa5 12. Qd3 0-0 13. a3 Rfd8 14. Nd4 Be8 15. f4 Rac8 16. Qh3 Rc4 17. Nb3 Qc7 18. g4 Rc8 19. Rd4 e5 20. Rxc4 Qxc4 21. g5 hxg5 22. Bxg5 exf4 23. Bxf4 Bd7 24. Qg2 Be6 25. Be3 d5 26. Bd4 dxe4 27. Rxe4 Qc6 28. Qg5 Qd7 29. Be5 Bxb3 30. cxb3 Qd3 31. Re1 Bxa3 32. Bxf6 Rxc3+ 33. Bxc3 Qxc3+ 34. Kd1 Qxb3+ 35. Ke2 Qxb2+ 36. Kd1 Qb3+ 37. Ke2 Qb2+ 38. Kf1 Bf8 39. Re2 Qb1+ 40. Kg2 Qb6 41. Qf5 Qc6+ 42. Kh3 g6 43. Qf4 a5 44. Rf2 Qd7+ 45. Kg2 a4 46. h4 Qd5+ 47. Kg1 0-1

[Event "Montreal Noel op"]
[Site "Montreal"]
[Date "2018.12.27"]
[Round "2"]
[White "Voskanyan, Vahagn"]
[Black "Richard, Leo"]
[Result "0-1"]
[WhiteElo "2214"]
[BlackElo "1780"]
[PlyCount "74"]
[EventDate "2018.12.26"]
[EventType "swiss"]
[EventRounds "5"]
[EventCountry "CAN"]
[SourceTitle "CBM 188 Extra"]
[Source "ChessBase"]
[SourceDate "2019.02.26"]
[SourceVersion "1"]
[SourceVersionDate "2019.02.26"]
[SourceQuality "1"]

1. Nf3 c6 2. c4 Nf6 3. b3 d5 4. Bb2 h6 5. e3 Bf5 6. cxd5 cxd5 7. Bb5+ Nbd7 8. Qe2 a6 9. Bd3 Bxd3 10. Qxd3 e6 11. Nc3 Nc5 12. Qe2 Rc8 13. 0-0 Be7 14. Rac1 0-0 15. d3 b5 16. Qd2 Qb6 17. Ne2 a5 18. Ne5 b4 19. Nd4 Qa6 20. Rfd1 Bd6 21. Ndf3 a4 22. bxa4 Nxa4 23. Rxc8 Rxc8 24. Rc1 Nxb2 25. Qxb2 Rxc1+ 26. Qxc1 Qxa2 27. g3 b3 28. Qc8+ Kh7 29. Nxf7 b2 30. Qh8+ Kg6 31. N3e5+ Bxe5 32. Nxe5+ Kf5 33. g4+ Nxg4 34. Qf8+ Nf6 35. Nf3 b1Q+ 36. Kg2 Kg6 37. Qh8 Qbb2 0-1

[Event "Contrecoeur-A"]
[Site "Contrecoeur"]
[Date "2018.11.04"]
[Round "4.1"]
[White "Chiku Ratte, Olivier Kenta"]
[Black "Richard, Leo"]
[Result "1-0"]
[WhiteElo "2393"]
[BlackElo "1894"]
[PlyCount "77"]
[EventDate "2018.11.02"]
[EventType "swiss"]
[EventRounds "5"]
[EventCountry "CAN"]
[SourceTitle "EXT 2022"]
[Source "ChessBase"]
[SourceDate "2021.10.06"]
[SourceVersion "1"]
[SourceVersionDate "2021.10.06"]
[SourceQuality "1"]

1. d4 d5 2. c4 c6 3. Nf3 Nf6 4. e3 e6 5. Nc3 Nbd7 6. Qc2 Bd6 7. Bd3 dxc4 8. Bxc4 0-0 9. 0-0 c5 10. dxc5 Nxc5 11. Rd1 Qe7 12. e4 Ncd7 13. Bg5 Ne5 14. Be2 Nxf3+ 15. Bxf3 Be5 16. Rac1 Bd7 17. Bxf6 Bxf6 18. e5 Bxe5 19. Bxb7 Rab8 20. Be4 Kh8 21. Qd3 Rfd8 22. Qe2 Qf6 23. g3 Bd4 24. Rd2 Be8 25. Rcd1 Bxc3 26. Rxd8 Rxd8 27. Rxd8 Qxd8 28. bxc3 Qa5 29. Qd2 Qa4 30. Qd8 g6 31. c4 Qd7 32. Qa8 Kg7 33. Bf3 Qd3 34. Kg2 Ba4 35. Qc8 e5 36. Qc7 Qd4 37. Bd5 Bc2 38. Qxf7+ Kh6 39. Qf8+ 1-0

[Event "Contrecoeur-A"]
[Site "Contrecoeur"]
[Date "2018.11.03"]
[Round "3.2"]
[White "Richard, Leo"]
[Black "Marcone, Malcom"]
[Result "1-0"]
[WhiteElo "1894"]
[BlackElo "1999"]
[PlyCount "71"]
[EventDate "2018.11.02"]
[EventType "swiss"]
[EventRounds "5"]
[EventCountry "CAN"]
[SourceTitle "EXT 2022"]
[Source "ChessBase"]
[SourceDate "2021.10.06"]
[SourceVersion "1"]
[SourceVersionDate "2021.10.06"]
[SourceQuality "1"]

1. e4 e6 2. d4 d5 3. Nd2 Nc6 4. Ngf3 Nf6 5. e5 Nd7 6. c3 f6 7. exf6 Qxf6 8. Bd3 Bd6 9. 0-0 0-0 10. Qe2 e5 11. dxe5 Ndxe5 12. Nxe5 Nxe5 13. Bc2 Qh4 14. g3 Qh3 15. f4 Bc5+ 16. Kh1 Ng4 17. Nf3 Bd7 18. Ng5 Qh5 19. Bxh7+ Kh8 20. Bd3 Rae8 21. Qc2 Qxg5 22. fxg5 Rxf1+ 23. Bxf1 Nf2+ 24. Kg2 Bh3+ 25. Kf3 Bg4+ 26. Kg2 Bh3+ 27. Kg1 Re1 28. Qe2 Ng4+ 29. Be3 Rxe2 30. Bxc5 Bxf1 31. Rxf1 Kh7 32. Bd4 Kg6 33. h4 b6 34. Rf4 Ne5 35. Kf1 Rxb2 36. Bxe5 1-0

[Event "Quebec op U2000"]
[Site "Longueuil"]
[Date "2018.07.25"]
[Round "6.30"]
[White "Richard, Leo"]
[Black "Parenteau, Francois"]
[Result "1-0"]
[WhiteElo "1915"]
[BlackElo "1884"]
[PlyCount "67"]
[EventDate "2018.07.21"]
[EventType "swiss"]
[EventRounds "9"]
[EventCountry "CAN"]
[SourceTitle "EXT 2022"]
[Source "ChessBase"]
[SourceDate "2021.10.06"]
[SourceVersion "1"]
[SourceVersionDate "2021.10.06"]
[SourceQuality "1"]

1. e4 d5 2. exd5 Qxd5 3. Nc3 Qd8 4. d4 Nf6 5. h3 Nc6 6. Nf3 Bf5 7. Bb5 a6 8. Bxc6+ bxc6 9. Ne5 c5 10. Qf3 cxd4 11. Nc6 Qd6 12. Nxd4 Qe5+ 13. Be3 Be4 14. Nxe4 Qxe4 15. Qxe4 Nxe4 16. 0-0-0 c5 17. Nb3 e6 18. f3 Ng3 19. Rhe1 Rc8 20. Bf2 Nh5 21. g4 Nf4 22. Bg3 g5 23. Bxf4 gxf4 24. Re4 h5 25. g5 h4 26. Rxf4 Rh5 27. Rg4 Be7 28. g6 fxg6 29. Rxg6 Bg5+ 30. Nd2 Rc6 31. Rg1 Be3 32. Re1 Re5 33. Kb1 Rd6 34. Nc4 1-0

[Event "Laval op"]
[Site "Laval"]
[Date "2018.06.22"]
[Round "1"]
[White "Sprumont, Oscar"]
[Black "Richard, Leo"]
[Result "1-0"]
[WhiteElo "2046"]
[BlackElo "1656"]
[PlyCount "87"]
[EventDate "2018.06.22"]
[EventType "swiss"]
[EventRounds "5"]
[EventCountry "CAN"]
[SourceTitle "CBM 185 Extra"]
[Source "ChessBase"]
[SourceDate "2018.07.29"]
[SourceVersion "1"]
[SourceVersionDate "2018.07.29"]
[SourceQuality "1"]

1. Nf3 Nf6 2. c4 c5 3. g3 Nc6 4. Bg2 e6 5. 0-0 Be7 6. Nc3 0-0 7. d4 cxd4 8. Nxd4 a6 9. b3 Qc7 10. Bb2 d6 11. Re1 Bd7 12. e4 Nxd4 13. Qxd4 Bc6 14. f4 Rfd8 15. Kh1 Ne8 16. Rac1 Bf6 17. Qe3 Rab8 18. Re2 b5 19. cxb5 axb5 20. Nd5 Qb7 21. Bxf6 Nxf6 22. Rxc6 exd5 23. exd5 Rbc8 24. Qc1 Ra8 25. Rc7 Qb6 26. Rcc2 Re8 27. Rxe8+ Rxe8 28. Rc8 Kf8 29. a4 bxa4 30. bxa4 Qa5 31. Rxe8+ Nxe8 32. Qd1 Nf6 33. h4 Nd7 34. Qd3 g6 35. Qd4 Kg8 36. h5 f6 37. hxg6 hxg6 38. Qe4 Nf8 39. Qc4 Kf7 40. Qc6 Ke7 41. Bf1 Nd7 42. Bb5 Qe1+ 43. Kg2 Qd2+ 44. Kh3 1-0

[Event "Montreal CC-ch"]
[Site "Montreal"]
[Date "2018.06.10"]
[Round "4.11"]
[White "Richard, Leo"]
[Black "Tsukerman, Julia"]
[Result "1/2-1/2"]
[WhiteElo "1875"]
[BlackElo "1583"]
[PlyCount "136"]
[EventDate "2018.06.08"]
[EventType "swiss"]
[EventRounds "5"]
[EventCountry "CAN"]
[SourceTitle "EXT 2022"]
[Source "ChessBase"]
[SourceDate "2021.10.06"]
[SourceVersion "1"]
[SourceVersionDate "2021.10.06"]
[SourceQuality "1"]

1. e4 c5 2. Ne2 Nc6 3. Nbc3 Nf6 4. g3 e6 5. Bg2 Be7 6. 0-0 0-0 7. d3 a6 8. a4 Rb8 9. h3 b6 10. f4 d5 11. e5 Ne8 12. Kh2 f6 13. exf6 Bxf6 14. f5 Nc7 15. fxe6 Bxe6 16. Bf4 Ne7 17. Bxc7 Qxc7 18. Nf4 Qd7 19. Qe2 Bf7 20. Rfe1 Rfe8 21. Qf3 Rbd8 22. Nfxd5 Nxd5 23. Nxd5 Bxd5 24. Qxd5+ Qxd5 25. Rxe8+ Rxe8 26. Bxd5+ Kf8 27. Be4 g6 28. c3 c4 29. Rf1 Kg7 30. Kg2 Re5 31. Kf3 cxd3 32. Bxd3 Ra5 33. Bc2 Rd5 34. Rd1 Rxd1 35. Bxd1 Kf7 36. Ke4 Ke6 37. Bb3+ Kd6 38. Bg8 h6 39. Bf7 g5 40. Kf5 Bg7 41. Kg6 Bf8 42. Bc4 a5 43. Kf7 Be7 44. Kg7 h5 45. Kg6 h4 46. gxh4 gxh4 47. Kf5 Kc5 48. Bb5 Kd5 49. Be8 Bd8 50. Bf7+ Kd6 51. Ke4 Ke7 52. Bh5 Kd6 53. Kd4 Bf6+ 54. Kc4 Kc6 55. Bf3+ Kd6 56. Kb5 Kc7 57. Kc4 Kd6 58. b4 Bd8 59. bxa5 bxa5 60. Kb5 Bc7 61. c4 Kd7 62. Bg4+ Kd8 63. c5 Ke7 64. Kc6 Kd8 65. Kb7 Bg3 66. Kb6 Bc7+ 67. Kc6 Bg3 68. Kd5 Kc7 1/2-1/2

[Event "Quebec-ch U14"]
[Site "Montreal"]
[Date "2018.01.12"]
[Round "1"]
[White "Farahdel, Anahita"]
[Black "Richard, Leo"]
[Result "0-1"]
[WhiteElo "1175"]
[BlackElo "1874"]
[PlyCount "68"]
[EventDate "2018.01.12"]
[EventType "swiss"]
[EventRounds "5"]
[EventCountry "CAN"]
[SourceTitle "EXT 2022"]
[Source "ChessBase"]
[SourceDate "2021.10.06"]
[SourceVersion "1"]
[SourceVersionDate "2021.10.06"]
[SourceQuality "1"]

1. e4 c5 2. Nf3 Nc6 3. Nc3 g6 4. Bc4 Bg7 5. d3 e6 6. Be3 Nd4 7. Bxd4 cxd4 8. Nb5 d5 9. exd5 exd5 10. Bxd5 Qa5+ 11. c3 Qxb5 12. Qe2+ Ne7 13. Bc4 Qc5 14. Rc1 dxc3 15. bxc3 0-0 16. d4 Qd6 17. 0-0 Bg4 18. Qe4 Bxf3 19. Qxf3 Qc6 20. Qxc6 Nxc6 21. Rfe1 Rfe8 22. Bb5 a6 23. Rxe8+ Rxe8 24. Bxc6 bxc6 25. g3 Re2 26. Rb1 Rxa2 27. Rb8+ Bf8 28. Rc8 a5 29. Rxc6 a4 30. Ra6 a3 31. d5 Rd2 32. c4 a2 33. Kg2 Bc5 34. h4 Bd4 0-1

[Event "Montreal CC-ch"]
[Site "Montreal"]
[Date "2017.06.11"]
[Round "5.10"]
[White "Richard, Leo"]
[Black "Guipi Bopala, Prince Eric Jr"]
[Result "1/2-1/2"]
[WhiteElo "1667"]
[BlackElo "1922"]
[PlyCount "44"]
[EventDate "2017.06.09"]
[EventType "swiss"]
[EventRounds "5"]
[EventCountry "CAN"]
[SourceTitle "EXT 2022"]
[Source "ChessBase"]
[SourceDate "2021.10.06"]
[SourceVersion "1"]
[SourceVersionDate "2021.10.06"]
[SourceQuality "1"]

1. d4 f5 2. c4 e6 3. Nf3 d5 4. g3 c6 5. Bg2 Nf6 6. 0-0 Bd6 7. Nc3 0-0 8. cxd5 exd5 9. Bf4 Ne4 10. Bxd6 Qxd6 11. Rc1 Be6 12. Ne5 Nd7 13. Nxd7 Qxd7 14. e3 Rae8 15. Na4 Bf7 16. Nc5 Nxc5 17. Rxc5 h6 18. Qa4 a6 19. a3 Re7 20. Qc2 h5 21. Rc1 Be8 22. b4 Rf6 1/2-1/2

[Event "Transcontinental Printanier ABCDEF"]
[Site "Montreal"]
[Date "2017.03.31"]
[Round "1"]
[White "Baran, Marius"]
[Black "Richard, Leo"]
[Result "1/2-1/2"]
[WhiteElo "1776"]
[BlackElo "1648"]
[PlyCount "130"]
[EventDate "2017.03.31"]
[EventType "swiss"]
[EventRounds "5"]
[EventCountry "CAN"]
[SourceTitle "EXT 2022"]
[Source "ChessBase"]
[SourceDate "2021.10.06"]
[SourceVersion "1"]
[SourceVersionDate "2021.10.06"]
[SourceQuality "1"]

1. e4 e6 2. d4 d5 3. Nd2 Nf6 4. e5 Nfd7 5. Bd3 c5 6. c3 Nc6 7. Ne2 Qb6 8. Nf3 cxd4 9. cxd4 Bb4+ 10. Bd2 0-0 11. 0-0 f6 12. exf6 Nxf6 13. a3 Bxd2 14. Qxd2 Bd7 15. Nc3 a6 16. Na4 Qc7 17. Nc5 Ng4 18. h3 Rxf3 19. hxg4 Nxd4 20. Nxd7 Rh3 21. f4 Nb3 22. Qd1 Rxd3 23. Qxd3 Nxa1 24. Ne5 Qb6+ 25. Kh1 Nb3 26. f5 Nc5 27. Qd4 Qd6 28. Re1 Rf8 29. b4 Na4 30. fxe6 Qxe6 31. Nf3 Qd6 32. Re5 Nb6 33. g5 h6 34. Kg1 hxg5 35. Rxg5 Qf6 36. Qg4 Nc4 37. Qg3 d4 38. Rg6 Qe7 39. Nxd4 Nxa3 40. Ne6 Rf7 41. Qxa3 Qh4 42. Qc3 Qf2+ 43. Kh2 Qh4+ 44. Qh3 Qxb4 45. Ng5 Qf4+ 46. Qg3 Qxg3+ 47. Kxg3 Rf6 48. Rxf6 gxf6 49. Ne4 Kg7 50. Nc5 a5 51. Nxb7 a4 52. Na5 a3 53. Kf4 Kg6 54. Nb3 f5 55. Nc1 Kf6 56. Na2 Kg6 57. Nc3 Kf6 58. Na2 Kg6 59. Nb4 Kf6 60. Nd5+ Ke6 61. Nc3 Kf6 62. g3 Kg6 63. Ke3 Kg5 64. Kf3 Kh5 65. Kf4 Kg6 1/2-1/2